Logan Lerman Filmography - Statistics

General Stats
  • This quiz has been taken 21 times
    6 since last reset
  • The average score is 4 of 34
Answer Stats
Type Year Name % Correct
Web Series 2020-2023 Hunters
67%
Film 2013 Percy Jackson: Sea of Monsters
67%
Film 2010 Percy Jackson & the Olympians: The Lightning Thief
67%
Film 2012 The Perks of Being a Wallflower
67%
Film 2007 3:10 to Yuma
33%
Film 2022 Bullet Train
33%
Film 2014 Fury
33%
Web Series 2025 Only Murders in the Building
33%
TV Show 2003 10-8: Officers on Duty
0%
TV Film 2003 A Painted House
0%
Film TBA College Republicans
0%
Music Video 2025 Down to Be Wrong
0%
Film 2019 End of Sentence
0%
Film 2009 Gamer
0%
Film 2006 Hoot
0%
Film 2016 Indignation
0%
TV Show 2004-2005 Jack & Bobby
0%
Film 2007 Meet Bill
0%
Film 2009 My One and Only
0%
Film 2014 Noah
0%
Film 2025 Oh, Hi!
0%
Film 2001 Riding in Cars with Boys
0%
Film 2018 Sgt. Stubby: An American Hero
0%
Film 2020 Shirley
0%
Film 2013 Stuck in Love
0%
Film 2004 The Butterfly Effect
0%
TV Film 2003 The Flannerys
0%
Film 2007 The Number 23
0%
Film 2000 The Patriot
0%
Short Film 2012 The Scribe
0%
Film 2011 The Three Musketeers
0%
Film 2017 The Vanishing of Sidney Hall
0%
Web Mini-Series 2024 We Were the Lucky Ones
0%
Film 2000 What Women Want
0%
No matching quizzes found
Score Distribution
Percent of People with Each Score
Percentile by Number Answered
Your Score History
You have not taken this quiz since the last reset